200 größte Städte Deutschlands - Statistiken

Allgemein
  • Dieses Quiz wurde 943 mal gespielt
  • Das Durchschnittsergebnis liegt bei 131 aus 200
Antwortstatistiken
EW-Zahl Bundesland Stadt % Korrekt
3.685.265 - Berlin
99%
1.862.565 - Hamburg
99%
1.024.621 Nordrhein-Westfalen Köln
98%
1.505.005 Bayern München
98%
586.271 - Bremen
97%
756.021 Hessen Frankfurt am Main
97%
57.107 Brandenburg Frankfurt (Oder)
97%
603.462 Nordrhein-Westfalen Dortmund
96%
618.685 Nordrhein-Westfalen Düsseldorf
96%
611.850 Sachsen Leipzig
96%
612.663 Baden-Württemberg Stuttgart
96%
522.131 Niedersachsen Hannover
95%
252.668 Schleswig-Holstein Kiel
95%
529.508 Bayern Nürnberg
95%
564.904 Sachsen Dresden
94%
262.670 Nordrhein-Westfalen Aachen
93%
574.682 Nordrhein-Westfalen Essen
93%
301.105 Bayern Augsburg
92%
224.684 Rheinland-Pfalz Mainz
92%
331.605 Nordrhein-Westfalen Bielefeld
91%
358.676 Nordrhein-Westfalen Bochum
91%
323.336 Nordrhein-Westfalen Bonn
91%
502.270 Nordrhein-Westfalen Duisburg
91%
218.793 Thüringen Erfurt
91%
309.050 Baden-Württemberg Karlsruhe
91%
244.329 Sachsen-Anhalt Magdeburg
91%
318.035 Baden-Württemberg Mannheim
91%
205.307 Mecklenburg-Vorpommern Rostock
91%
182.971 Saarland Saarbrücken
91%
245.618 Sachsen Chemnitz
90%
237.460 Baden-Württemberg Freiburg im Breisgau
90%
308.258 Nordrhein-Westfalen Münster
90%
184.754 Brandenburg Potsdam
90%
252.962 Niedersachsen Braunschweig
89%
141.185 Bayern Ingolstadt
89%
216.889 Schleswig-Holstein Lübeck
89%
129.882 Baden-Württemberg Ulm
89%
288.850 Hessen Wiesbaden
89%
118.610 - Bremerhaven
88%
267.930 Nordrhein-Westfalen Gelsenkirchen
88%
129.560 Niedersachsen Wolfsburg
88%
167.029 Hessen Darmstadt
87%
109.725 Thüringen Jena
87%
197.230 Hessen Kassel
87%
358.193 Nordrhein-Westfalen Wuppertal
87%
96.326 Schleswig-Holstein Flensburg
86%
155.756 Baden-Württemberg Heidelberg
86%
113.378 Rheinland-Pfalz Koblenz
86%
267.213 Nordrhein-Westfalen Mönchengladbach
86%
151.389 Bayern Regensburg
86%
98.308 Mecklenburg-Vorpommern Schwerin
86%
104.342 Rheinland-Pfalz Trier
86%
132.036 Bayern Fürth
85%
226.767 Sachsen-Anhalt Halle (Saale)
85%
168.581 Nordrhein-Westfalen Leverkusen
85%
166.057 Niedersachsen Osnabrück
85%
156.378 Nordrhein-Westfalen Paderborn
85%
95.123 Brandenburg Cottbus
84%
127.259 Niedersachsen Göttingen
84%
176.614 Niedersachsen Oldenburg
84%
133.258 Bayern Würzburg
84%
177.222 Rheinland-Pfalz Ludwigshafen am Rhein
83%
95.608 Thüringen Gera
82%
100.426 Rheinland-Pfalz Kaiserslautern
82%
132.746 Hessen Offenbach am Main
82%
165.626 Nordrhein-Westfalen Solingen
82%
179.968 Nordrhein-Westfalen Hamm
81%
155.851 Nordrhein-Westfalen Herne
81%
213.646 Nordrhein-Westfalen Oberhausen
81%
231.406 Nordrhein-Westfalen Krefeld
80%
115.928 Bayern Erlangen
79%
102.685 Nordrhein-Westfalen Siegen
79%
111.361 Nordrhein-Westfalen Bergisch Gladbach
78%
131.986 Baden-Württemberg Heilbronn
78%
98.510 Niedersachsen Hildesheim
78%
86.919 Baden-Württemberg Konstanz
78%
190.384 Nordrhein-Westfalen Hagen
77%
87.410 Sachsen Zwickau
77%
154.317 Nordrhein-Westfalen Neuss
76%
134.912 Baden-Württemberg Pforzheim
76%
118.535 Nordrhein-Westfalen Bottrop
75%
115.344 Nordrhein-Westfalen Recklinghausen
75%
89.179 Hessen Gießen
74%
97.956 Hessen Hanau
74%
173.050 Nordrhein-Westfalen Mülheim an der Ruhr
74%
104.970 Niedersachsen Salzgitter
74%
100.479 Nordrhein-Westfalen Gütersloh
73%
101.503 Nordrhein-Westfalen Moers
73%
118.852 Baden-Württemberg Reutlingen
73%
92.322 Baden-Württemberg Tübingen
73%
73.091 Bayern Aschaffenburg
72%
77.150 Bayern Bamberg
71%
92.858 Baden-Württemberg Ludwigsburg
71%
74.113 Brandenburg Brandenburg an der Havel
70%
53.039 Bayern Passau
70%
113.828 Nordrhein-Westfalen Remscheid
70%
72.940 Bayern Bayreuth
69%
86.753 Rheinland-Pfalz Worms
69%
65.434 Hessen Fulda
68%
56.881 Baden-Württemberg Baden-Baden
67%
96.182 Baden-Württemberg Esslingen am Neckar
67%
91.811 Nordrhein-Westfalen Iserlohn
67%
94.568 Nordrhein-Westfalen Düren
66%
89.756 Baden-Württemberg Villingen-Schwenningen
66%
67.621 Baden-Württemberg Aalen
65%
52.666 Nordrhein-Westfalen Ahlen
65%
73.544 Hessen Marburg
65%
65.954 Thüringen Weimar
63%
56.092 Mecklenburg-Vorpommern Greifswald
62%
84.013 Nordrhein-Westfalen Minden
62%
75.745 Niedersachsen Wilhelmshaven
62%
91.808 Nordrhein-Westfalen Witten
62%
49.202 Niedersachsen Emden
61%
67.645 Bayern Kempten (Allgäu)
61%
74.785 Niedersachsen Lüneburg
61%
65.274 Bayern Rosenheim
61%
54.481 Bayern Schweinfurt
61%
66.834 Niedersachsen Celle
60%
86.766 Nordrhein-Westfalen Marl
60%
73.282 Nordrhein-Westfalen Castrop-Rauxel
59%
79.809 Schleswig-Holstein Neumünster
59%
89.368 Nordrhein-Westfalen Ratingen
59%
54.094 Mecklenburg-Vorpommern Stralsund
59%
55.186 Sachsen Görlitz
58%
60.344 Mecklenburg-Vorpommern Neubrandenburg
58%
75.402 Sachsen-Anhalt Dessau-Roßlau
57%
86.163 Nordrhein-Westfalen Lünen
57%
49.564 Rheinland-Pfalz Speyer
57%
50.618 Baden-Württemberg Heidenheim an der Brenz
56%
71.863 Bayern Landshut
56%
58.333 Nordrhein-Westfalen Unna
56%
62.993 Baden-Württemberg Offenburg
55%
49.697 Niedersachsen Cuxhaven
54%
71.212 Nordrhein-Westfalen Lüdenscheid
54%
62.641 Bayern Neu-Ulm
54%
81.406 Niedersachsen Delmenhorst
53%
52.945 Rheinland-Pfalz Neustadt an der Weinstraße
53%
50.628 Baden-Württemberg Ravensburg
53%
74.278 Nordrhein-Westfalen Detmold
52%
62.796 Baden-Württemberg Friedrichshafen
52%
78.373 Nordrhein-Westfalen Viersen
52%
73.257 Nordrhein-Westfalen Bocholt
50%
75.499 Nordrhein-Westfalen Gladbeck
50%
65.599 Sachsen Plauen
50%
77.209 Nordrhein-Westfalen Rheine
50%
58.937 Baden-Württemberg Göppingen
49%
58.244 Niedersachsen Hameln
48%
82.844 Schleswig-Holstein Norderstedt
48%
66.993 Nordrhein-Westfalen Dinslaken
47%
75.277 Nordrhein-Westfalen Dorsten
47%
53.028 Nordrhein-Westfalen Kleve
47%
68.739 Nordrhein-Westfalen Lippstadt
47%
50.741 Baden-Württemberg Rastatt
47%
75.901 Nordrhein-Westfalen Troisdorf
47%
82.463 Nordrhein-Westfalen Velbert
47%
51.349 Baden-Württemberg Lörrach
45%
65.627 Hessen Rüsselsheim am Main
44%
60.785 Nordrhein-Westfalen Wesel
44%
74.879 Nordrhein-Westfalen Arnsberg
43%
51.483 Baden-Württemberg Böblingen
43%
51.290 Nordrhein-Westfalen Gummersbach
43%
67.503 Nordrhein-Westfalen Herford
43%
63.799 Nordrhein-Westfalen Dormagen
42%
60.021 Nordrhein-Westfalen Euskirchen
42%
56.973 Niedersachsen Nordhorn
42%
50.987 Niedersachsen Peine
42%
54.665 Hessen Wetzlar
42%
66.585 Nordrhein-Westfalen Kerpen
41%
56.498 Niedersachsen Lingen (Ems)
40%
54.168 Rheinland-Pfalz Bad Kreuznach
39%
51.342 Schleswig-Holstein Elmshorn
39%
59.903 Niedersachsen Garbsen
39%
53.044 Nordrhein-Westfalen Hattingen
39%
61.422 Baden-Württemberg Sindelfingen
39%
65.983 Nordrhein-Westfalen Grevenbroich
38%
62.160 Nordrhein-Westfalen Hürth
38%
52.309 Nordrhein-Westfalen Frechen
37%
64.416 Baden-Württemberg Schwäbisch Gmünd
37%
56.688 Hessen Bad Homburg vor der Höhe
36%
51.803 Nordrhein-Westfalen Ibbenbüren
36%
55.157 Nordrhein-Westfalen Hilden
35%
52.604 Niedersachsen Wolfenbüttel
35%
54.142 Niedersachsen Langenhagen
33%
67.083 Rheinland-Pfalz Neuwied
33%
50.620 Nordrhein-Westfalen Bad Oeynhausen
32%
61.611 Nordrhein-Westfalen Bergheim
32%
53.958 Nordrhein-Westfalen Bad Salzuflen
31%
60.941 Nordrhein-Westfalen Herten
31%
56.521 Nordrhein-Westfalen Sankt Augustin
30%
56.150 Nordrhein-Westfalen Pulheim
29%
57.078 Nordrhein-Westfalen Meerbusch
28%
52.255 Nordrhein-Westfalen Menden (Sauerland)
28%
59.975 Nordrhein-Westfalen Langenfeld (Rheinland)
27%
57.313 Baden-Württemberg Waiblingen
27%
50.547 Nordrhein-Westfalen Gronau (Westf.)
26%
50.775 Baden-Württemberg Lahr/Schwarzwald
26%
57.684 Nordrhein-Westfalen Stolberg (Rheinland)
25%
49.480 Baden-Württemberg Leonberg
24%
49.413 Nordrhein-Westfalen Willich
22%
57.534 Nordrhein-Westfalen Eschweiler
20%
Keine übereinstimmenden Quizze gefunden
Verteilung der Resultate
Anzahl Personen mit jedem Resultat
Perzentil nach korrekt beantworteten Fragen
Ihre Resultats-Entwicklung
Sie haben dieses Quiz noch nicht gespielt